Statistiques concernant Culture Générale - Série 1557

Cliquez ici pour prendre le quiz!

Statistiques générales

  • Ce quiz a été pris 73 fois
  • Le résultat moyen est 5 sur 10

Statistiques - réponses

QuestionRéponse% Correct
Selon le célèbre chant de Noël, quel "bel" arbre est le "roi des forêts" ?sapin
99%
Quelle boisson permet à la vérité d'éclore, d'après la locution latine : "In vino veritas" ?vin
96%
A quel chimiste suédois doit-on l'invention de la dynamite, en 1867 ?Alfred Nobel
75%
Dans quelle ville d'Angleterre se trouve le stade de football : Old Trafford ?Manchester
66%
La patelle, petit coquillage à coquille conique, est surnommé "chapeau...chinois
60%
En athlétisme, quelle française a remporté deux médailles d'or aux jeux Olympiques d'Atlanta en 1996 ?Marie-José Pérec
57%
Quel pont parisien, commencé en 1897, est inauguré lors de l'Exposition universelle de 1900 ?pont Alexandre III
22%
Dans quel département français se trouvent les communes de Seurre, Genlis et Talant ?Côte d'Or
12%
Sous la direction de quel réalisateur américain Carla Bruni-Sarkozy a-t-elle tourné durant l'été 2010 ?Woody Allen
12%
De quel pays les Otomis sont-ils originaires ?Mexique
9%

Distribution des résultats

Percentile par nombre de réponses

% des personnes avec chaque résultat

Votre développement - résultats

Vous n’avez pas pris ce quiz